[Event "CYCC U10"]
[Site "Ottawa CAN"]
[Date "2007.07.06"]
[Round "7"]
[White "Mongenais, Jacob"]
[Black "Lai, Jonathan"]
[Result "0-1"]
[WhiteElo "1487"]
[BlackElo "1473"]
[PlyCount "70"]
[GameId "2160767910650803"]
[EventDate "2007.07.03"]
[EventType "swiss"]
[EventRounds "7"]
[EventCountry "CAN"]
[SourceTitle "EXT 2022"]
[Source "ChessBase"]
[SourceDate "2021.10.06"]
[SourceVersion "1"]
[SourceVersionDate "2021.10.06"]
[SourceQuality "1"]

1. e4 c5 2. Nf3 d6 3. d4 cxd4 4. Nxd4 Nf6 5. Nc3 g6 6. Be3 Bg7 7. f3 O-O 8. Qd2 Nc6 9. Nxc6 bxc6 10. O-O-O Be6 11. Bh6 Qa5 12. Bxg7 Kxg7 13. b3 c5 14. Nb5 Qxa2 15. Qc3 a6 16. Nc7 Ra7 17. Nxe6+ fxe6 18. Bc4 e5 19. b4 Qa4 20. Bb3 Qa3+ 21. Kd2 Qxb4 22. Qxb4 cxb4 23. Rb1 a5 24. Rb2 Rb8 25. Ra1 Rba8 26. Rba2 g5 27. c3 bxc3+ 28. Kxc3 Rc8+ 29. Kb2 Rc5 30. Rc1 Rxc1 31. Kxc1 Nd7 32. Kc2 Nc5 33. Bd5 Rc7 34. Kb2 Nd3+ 35. Kb1 Rc1# 0-1

[Event "CYCC U10"]
[Site "Ottawa CAN"]
[Date "2007.07.06"]
[Round "7"]
[White "Sreeraman, Shreyas"]
[Black "Tremblay, Kevin"]
[Result "1-0"]
[WhiteElo "1061"]
[BlackElo "1293"]
[PlyCount "75"]
[GameId "2160767910650805"]
[EventDate "2007.07.03"]
[EventType "swiss"]
[EventRounds "7"]
[EventCountry "CAN"]
[SourceTitle "EXT 2022"]
[Source "ChessBase"]
[SourceDate "2021.10.06"]
[SourceVersion "1"]
[SourceVersionDate "2021.10.06"]
[SourceQuality "1"]

1. e4 e5 2. Nf3 Nc6 3. Bc4 Nf6 4. Nc3 Bc5 5. O-O O-O 6. d3 h6 7. Be3 Bxe3 8. fxe3 d6 9. h3 Be6 10. Bxe6 fxe6 11. d4 exd4 12. exd4 b6 13. d5 exd5 14. exd5 Ne5 15. Nxe5 dxe5 16. Qd2 Rf7 17. Rae1 Re7 18. Re3 e4 19. Rg3 Rd7 20. Rd1 a6 21. Qxh6 e3 22. Qxe3 Nxd5 23. Nxd5 Rxd5 24. Re1 Rd2 25. Qc3 Rd7 26. Re5 Ra7 27. Qb3+ Rf7 28. Rf3 c5 29. Rfe3 Qd1+ 30. Kh2 Qd6 31. Kg1 Qf6 32. Re8+ Kh7 33. Qd3+ g6 34. Rf3 Qxb2 35. Rg3 Qb1+ 36. Kh2 Rg7 37. Qe4 Qxa2 38. Qh4# 1-0

[Event "CYCC U10"]
[Site "Ottawa CAN"]
[Date "2007.07.06"]
[Round "7"]
[White "Zhao, Donovan"]
[Black "Liu, Steven2"]
[Result "1-0"]
[WhiteElo "1487"]
[BlackElo "1561"]
[PlyCount "129"]
[GameId "2160767910650806"]
[EventDate "2007.07.03"]
[EventType "swiss"]
[EventRounds "7"]
[EventCountry "CAN"]
[SourceTitle "EXT 2022"]
[Source "ChessBase"]
[SourceDate "2021.10.06"]
[SourceVersion "1"]
[SourceVersionDate "2021.10.06"]
[SourceQuality "1"]

1. e4 c6 2. d4 d5 3. exd5 cxd5 4. Nf3 Nc6 5. c4 Nf6 6. Nc3 e6 7. Bg5 Bb4 8. Qc2 dxc4 9. Bxc4 Nxd4 10. Nxd4 Qxd4 11. Qa4+ Nd7 12. Qxb4 Qe5+ 13. Be3 b6 14. O-O h5 15. Qb5 Qc7 16. Rfd1 Bb7 17. Rac1 a6 18. Qb3 Qc6 19. f3 Nc5 20. Bxc5 Qxc5+ 21. Kh1 h4 22. Ne4 Bxe4 23. fxe4 b5 24. Bxe6 Qe7 25. Qd5 O-O 26. Bh3 Rad8 27. Qxd8 Rxd8 28. Rxd8+ Kh7 29. Rd5 g6 30. Rd7 Qf6 31. Rcd1 Kh6 32. R7d2 Qe5 33. Re2 b4 34. Rde1 a5 35. Bg4 Kg5 36. h3 Kf6 37. Bf3 a4 38. Rd1 Kg7 39. Red2 a3 40. b3 Qc5 41. Rd4 Qc2 42. R1d2 Qc1+ 43. Kh2 Qe1 44. Re2 Qc3 45. Rc4 Qe5+ 46. Kg1 Kh6 47. Kf2 Kg7 48. Ke3 Qg5+ 49. Kd4 Qd8+ 50. Kc5 Qe7+ 51. Kb5 Qe5+ 52. Kxb4 Qd6+ 53. Kc3 Qe5+ 54. Kd3 Qd6+ 55. Rd4 Qa6+ 56. Ke3 Qc6 57. Kf2 Kf6 58. e5+ Kf5 59. Bxc6 Kg5 60. Rd7 Kf4 61. Rxf7+ Kg5 62. b4 Kh6 63. e6 Kh5 64. Re5+ Kh6 65. e7 1-0

[Event "CYCC U10 playoff"]
[Site "Ottawa CAN"]
[Date "2007.07.06"]
[Round "2"]
[White "Zhao, Donovan"]
[Black "Brichko, Michael"]
[Result "1-0"]
[WhiteElo "1487"]
[BlackElo "1364"]
[PlyCount "51"]
[GameId "2160767910642420"]
[EventDate "2007.07.06"]
[EventType "match"]
[EventCountry "CAN"]
[SourceTitle "EXT 2022"]
[Source "ChessBase"]
[SourceDate "2021.10.06"]
[SourceVersion "1"]
[SourceVersionDate "2021.10.06"]
[SourceQuality "1"]

1. e4 e5 2. Nf3 Nc6 3. Bc4 Bc5 4. c3 Nf6 5. d4 exd4 6. cxd4 Bb4+ 7. Bd2 Bxd2+ 8. Nbxd2 d6 9. O-O O-O 10. h3 h6 11. Re1 Re8 12. a3 Re7 13. b4 a6 14. Qc2 b5 15. Bb3 Bb7 16. Re2 d5 17. e5 Ne4 18. Nxe4 dxe4 19. Rxe4 Nxb4 20. axb4 Bxe4 21. Qxe4 Qe8 22. Ne1 Kh8 23. Nd3 Rd8 24. Rxa6 Qd7 25. d5 f5 26. Qd4 1-0

[Event "CYCC U10 w"]
[Site "Ottawa CAN"]
[Date "2007.07.03"]
[Round "1"]
[White "Dawson, Laura Jane"]
[Black "Dumais, Pascale"]
[Result "1-0"]
[WhiteElo "1434"]
[BlackElo "1026"]
[PlyCount "49"]
[GameId "2160767910650807"]
[EventDate "2007.07.03"]
[EventType "swiss"]
[EventRounds "6"]
[EventCountry "CAN"]
[SourceTitle "EXT 2022"]
[Source "ChessBase"]
[SourceDate "2021.10.06"]
[SourceVersion "1"]
[SourceVersionDate "2021.10.06"]
[SourceQuality "1"]

1. f4 Nf6 2. Nf3 Nc6 3. b3 e6 4. Bb2 Ne4 5. d3 Nf6 6. e3 Bb4+ 7. Nbd2 O-O 8. Be2 d6 9. O-O Re8 10. h3 e5 11. g4 Be6 12. g5 Bxh3 13. Rf2 Nd5 14. e4 Ne3 15. Qc1 Ng4 16. Nxe5 Nxf2 17. Nxc6 bxc6 18. Kxf2 Bc5+ 19. Kg3 Be6 20. Bg4 Be3 21. Bxe6 Rxe6 22. Kf3 Bxd2 23. Qxd2 d5 24. Qc3 Qe8 25. Qxg7# 1-0

[Event "CYCC U10 w"]
[Site "Ottawa CAN"]
[Date "2007.07.03"]
[Round "1"]
[White "Foote, Joanne"]
[Black "Baxter, Tiffany"]
[Result "1-0"]
[WhiteElo "1218"]
[BlackElo "832"]
[PlyCount "39"]
[GameId "2160767910650808"]
[EventDate "2007.07.03"]
[EventType "swiss"]
[EventRounds "6"]
[EventCountry "CAN"]
[SourceTitle "EXT 2022"]
[Source "ChessBase"]
[SourceDate "2021.10.06"]
[SourceVersion "1"]
[SourceVersionDate "2021.10.06"]
[SourceQuality "1"]

1. e4 c6 2. d4 d6 3. Nf3 Nd7 4. Nc3 b6 5. Bf4 Rb8 6. Bd3 Ndf6 7. O-O Qd7 8. Re1 d5 9. exd5 cxd5 10. Bb5 a6 11. Bxd7+ Bxd7 12. Bxb8 Nh5 13. Ne5 Ngf6 14. Qf3 e6 15. Nxd7 Nxd7 16. Qxh5 Nxb8 17. Nxd5 Nd7 18. Rxe6+ Be7 19. Rxe7+ Kf8 20. Qxf7# 1-0

[Event "CYCC U10 w"]
[Site "Ottawa CAN"]
[Date "2007.07.03"]
[Round "1"]
[White "Leveille, Maryse"]
[Black "Giblon, Rebecca"]
[Result "0-1"]
[WhiteElo "1011"]
[BlackElo "1324"]
[PlyCount "110"]
[GameId "2160767910650809"]
[EventDate "2007.07.03"]
[EventType "swiss"]
[EventRounds "6"]
[EventCountry "CAN"]
[SourceTitle "EXT 2022"]
[Source "ChessBase"]
[SourceDate "2021.10.06"]
[SourceVersion "1"]
[SourceVersionDate "2021.10.06"]
[SourceQuality "1"]

1. e4 e5 2. Nf3 Nc6 3. Bc4 Bc5 4. b4 Bxb4 5. c3 Bc5 6. d4 exd4 7. O-O d3 8. Qb3 Qe7 9. Bxf7+ Qxf7 10. Qxf7+ Kxf7 11. Ng5+ Ke8 12. Rd1 Nge7 13. Rxd3 Rf8 14. h3 Rxf2 15. Be3 Bxe3 16. Rxe3 Rf4 17. Nd2 h6 18. Ngf3 b6 19. Rf1 Ba6 20. Rf2 Kf8 21. Nh2 Rxf2 22. Kxf2 Kg8 23. Rf3 Rf8 24. Rxf8+ Kxf8 25. Ndf3 Bd3 26. Ng4 Bxe4 27. Nh4 d5 28. Kg3 d4 29. cxd4 Nxd4 30. Kf4 Bb1 31. a3 Nb5 32. a4 Nc3 33. Ne5 Nxa4 34. Nd7+ Ke8 35. Ne5 c5 36. Ke3 b5 37. g4 b4 38. Kf4 b3 39. Nhf3 b2 40. h4 Ng6+ 41. Nxg6 Bxg6 42. h5 b1=Q 43. hxg6 Qxg6 44. Ne5 Qf6+ 45. Ke4 Nc3+ 46. Kd3 Qxe5 47. Kc2 Nb5 48. g5 Qe3 49. gxh6 gxh6 50. Kb2 Qc3+ 51. Ka2 a5 52. Kb1 Qd2 53. Ka1 a4 54. Kb1 Nc3+ 55. Ka1 Qa2# 0-1

[Event "CYCC U10 w"]
[Site "Ottawa CAN"]
[Date "2007.07.03"]
[Round "2"]
[White "Dumais, Pascale"]
[Black "Carradice, Moriah"]
[Result "1-0"]
[WhiteElo "1026"]
[BlackElo "778"]
[PlyCount "30"]
[GameId "2160767910650810"]
[EventDate "2007.07.03"]
[EventType "swiss"]
[EventRounds "6"]
[EventCountry "CAN"]
[SourceTitle "EXT 2022"]
[Source "ChessBase"]
[SourceDate "2021.10.06"]
[SourceVersion "1"]
[SourceVersionDate "2021.10.06"]
[SourceQuality "1"]

1. e4 e5 2. Nf3 Bb4 3. Nxe5 Qf6 4. Nc3 Qxe5 5. Bb5 a6 6. Bc4 Qc5 7. b3 Qd4 8. O-O Nc6 9. Bb2 Na5 10. Na4 Nxc4 11. Bxd4 Nd6 12. Bxg7 Ne7 13. Bxh8 Nxe4 14. c3 Ba5 15. Re1 Nc6 1-0

[Event "CYCC U10 w"]
[Site "Ottawa CAN"]
[Date "2007.07.03"]
[Round "2"]
[White "Giblon, Rebecca"]
[Black "Foote, Joanne"]
[Result "1-0"]
[WhiteElo "1324"]
[BlackElo "1218"]
[PlyCount "122"]
[GameId "2160767910650811"]
[EventDate "2007.07.03"]
[EventType "swiss"]
[EventRounds "6"]
[EventCountry "CAN"]
[SourceTitle "EXT 2022"]
[Source "ChessBase"]
[SourceDate "2021.10.06"]
[SourceVersion "1"]
[SourceVersionDate "2021.10.06"]
[SourceQuality "1"]

1. e4 e6 2. d4 d5 3. e5 c5 4. Nf3 Qb6 5. c3 Bd7 6. Be2 Bb5 7. Bxb5+ Qxb5 8. Na3 Qa5 9. O-O c4 10. Nc2 Nc6 11. Bd2 Nge7 12. Ne3 Ng6 13. b3 b5 14. bxc4 bxc4 15. Qc2 Rb8 16. Rab1 Rxb1 17. Rxb1 Be7 18. Rb2 O-O 19. Qb1 Ba3 20. Rb5 Qa6 21. Bc1 Bxc1 22. Nc2 Nf4 23. Kf1 Nd3 24. Ke2 Nb2 25. Qxc1 Qxb5 26. Na3 Qb6 27. Qc2 f6 28. exf6 Rxf6 29. Ng5 Rg6 30. h4 e5 31. Qf5 Rxg5 32. Qxg5 exd4 33. cxd4 Nxd4+ 34. Kf1 Qa5 35. Qe5 h6 36. Qxd4 Nd3 37. Nc2 Qb5 38. Qa1 Qb2 39. Qxb2 Nxb2 40. Ke2 Kf7 41. Ke3 Ke6 42. Kd4 Kd6 43. f4 Kc6 44. g4 Nd3 45. f5 Nf2 46. g5 hxg5 47. hxg5 Ng4 48. Ne3 Nxe3 49. Kxe3 Kd6 50. Kd4 a6 51. a3 a5 52. a4 Kc6 53. g6 Kd6 54. f6 gxf6 55. g7 f5 56. g8=Q f4 57. Qf7 f3 58. Qxf3 c3 59. Qxc3 Kd7 60. Kxd5 Ke7 61. Qe5+ Kf7 1-0

[Event "CYCC U10 w"]
[Site "Ottawa CAN"]
[Date "2007.07.03"]
[Round "2"]
[White "Mehdiyeva, Masha"]
[Black "Dawson, Laura Jane"]
[Result "1/2-1/2"]
[WhiteElo "1083"]
[BlackElo "1434"]
[PlyCount "130"]
[GameId "2160767910650812"]
[EventDate "2007.07.03"]
[EventType "swiss"]
[EventRounds "6"]
[EventCountry "CAN"]
[SourceTitle "EXT 2022"]
[Source "ChessBase"]
[SourceDate "2021.10.06"]
[SourceVersion "1"]
[SourceVersionDate "2021.10.06"]
[SourceQuality "1"]

1. e4 d5 2. exd5 Qxd5 3. Nc3 Qa5 4. Nf3 Nf6 5. Be2 Bf5 6. O-O c6 7. d4 e6 8. Bg5 Nbd7 9. a3 Be7 10. b4 Qc7 11. Bd3 Bxd3 12. Qxd3 O-O 13. Ne4 Rfe8 14. Ng3 b5 15. c4 Reb8 16. a4 Qb6 17. Ne5 Rd8 18. Nxd7 Rxd7 19. axb5 cxb5 20. c5 Qc7 21. Qf3 Rd5 22. Bf4 Qc6 23. Rfd1 a6 24. Ne2 Rc8 25. Ra3 h6 26. Rda1 Rf5 27. Qxc6 Rxc6 28. Rxa6 Rc8 29. Ra8 Rd8 30. Bd6 Rxa8 31. Rxa8+ Kh7 32. Bxe7 Nd5 33. Bd6 Nxb4 34. h3 Rd5 35. Bf8 Nc2 36. c6 b4 37. c7 b3 38. c8=Q Rb5 39. Nc3 b2 40. Bd6 b1=Q+ 41. Nxb1 Rxb1+ 42. Kh2 Nxd4 43. Qh8+ Kg6 44. g4 f5 45. gxf5+ exf5 46. Ra6 f4 47. Bxf4+ Kf5 48. Qf8+ Ke4 49. Bg3 Nf3+ 50. Qxf3+ Kxf3 51. Ra4 g5 52. h4 g4 53. h5 Rd1 54. Ra6 Rd5 55. Rxh6 Ke4 56. Rh8 Kd4 57. h6 Rh5+ 58. Kg2 Kd5 59. h7 Ke6 60. f4 gxf3+ 61. Kxf3 Kf7 62. Bf2 Kg7 63. Bd4+ Kf7 64. Kg4 Rh1 65. Kg5 Rh3 1/2-1/2

[Event "CYCC U10 w"]
[Site "Ottawa CAN"]
[Date "2007.07.04"]
[Round "3"]
[White "Dawson, Laura Jane"]
[Black "Giblon, Rebecca"]
[Result "0-1"]
[WhiteElo "1434"]
[BlackElo "1324"]
[PlyCount "102"]
[GameId "2160767910650813"]
[EventDate "2007.07.03"]
[EventType "swiss"]
[EventRounds "6"]
[EventCountry "CAN"]
[SourceTitle "EXT 2022"]
[Source "ChessBase"]
[SourceDate "2021.10.06"]
[SourceVersion "1"]
[SourceVersionDate "2021.10.06"]
[SourceQuality "1"]

1. f4 d5 2. Nf3 Nc6 3. b3 Nf6 4. Bb2 Bg4 5. e3 e6 6. Bb5 Qd7 7. Bxc6 Qxc6 8. d3 O-O-O 9. Nbd2 Bb4 10. O-O Rhe8 11. h3 Bh5 12. g4 Bg6 13. Ne5 Qb6 14. Qe2 Qc5 15. Rac1 Qa5 16. Rfd1 Qxa2 17. Bd4 Kb8 18. Ndf3 Qa6 19. Ra1 Qd6 20. Bxa7+ Kc8 21. Bd4 b6 22. c3 Bc5 23. Qa2 c6 24. Qa8+ Qb8 25. Qxb8+ Kxb8 26. Nxc6+ Kc7 27. Nxd8 Rxd8 28. Bxc5 bxc5 29. g5 Ne8 30. Ra5 Kb6 31. Ra2 c4 32. bxc4 dxc4 33. dxc4 Rxd1+ 34. Kf2 Rc1 35. Ra3 Nd6 36. Ne5 Bh5 37. Kg3 Be2 38. Kf2 Rc2 39. Ke1 Nxc4 40. Nxc4+ Bxc4 41. Kd1 Rh2 42. Ra4 Bb3+ 43. Kc1 Bxa4 44. Kb1 Kb5 45. Kc1 Kc4 46. Kb1 Kxc3 47. e4 g6 48. e5 Bc6 49. h4 Be4+ 50. Ka1 Kb3 51. h5 Rh1# 0-1

[Event "CYCC U10 w"]
[Site "Ottawa CAN"]
[Date "2007.07.04"]
[Round "3"]
[White "Foote, Joanne"]
[Black "Dumais, Pascale"]
[Result "1-0"]
[WhiteElo "1218"]
[BlackElo "1026"]
[PlyCount "159"]
[GameId "2160767910650814"]
[EventDate "2007.07.03"]
[EventType "swiss"]
[EventRounds "6"]
[EventCountry "CAN"]
[SourceTitle "EXT 2022"]
[Source "ChessBase"]
[SourceDate "2021.10.06"]
[SourceVersion "1"]
[SourceVersionDate "2021.10.06"]
[SourceQuality "1"]

1. e4 e5 2. Nf3 Nc6 3. Bc4 Bc5 4. c3 Nf6 5. d4 Bb6 6. Qd3 O-O 7. Bg5 d6 8. d5 Na5 9. Nbd2 Bg4 10. b4 Bxf3 11. bxa5 Bxa5 12. Nxf3 Qe8 13. Bxf6 gxf6 14. Nh4 Kh8 15. O-O Rg8 16. Rfe1 Qf8 17. Re3 Rg4 18. Nf5 Qg8 19. Rg3 Qg6 20. Qe3 Bb6 21. Qf3 Rg5 22. Rd1 Rg8 23. Ne7 Qg7 24. Nxg8 Kxg8 25. Rxg5 Qxg5 26. Rd3 Qh4 27. Qg3+ Qg5 28. Qxg5+ fxg5 29. g4 Bc5 30. Rd2 a6 31. a4 a5 32. Rb2 b6 33. Kg2 Ba3 34. Rb3 Bc5 35. f3 Kf8 36. Kg3 Ke8 37. h4 gxh4+ 38. Kxh4 Kd7 39. Kh5 c6 40. g5 cxd5 41. exd5 Ke7 42. Kh6 f6 43. gxf6+ Kxf6 44. Kxh7 Kf5 45. Kg7 Kf4 46. Be2 Kg3 47. Kf6 Kf4 48. Ke6 Ke3 49. Rb2 Ba3 50. Ra2 Bc5 51. Kd7 e4 52. fxe4 Kxe4 53. c4 Kd4 54. Kc6 Ke3 55. Rb2 Kf2 56. Bh5+ Ke3 57. Rb5 Bd4 58. Rxb6 Bxb6 59. Kxb6 Ke4 60. Kxa5 Kd4 61. Kb5 Ke5 62. a5 Kf5 63. a6 Kg5 64. a7 Kxh5 65. a8=Q Kg5 66. Qd8+ Kf5 67. Qxd6 Ke4 68. c5 Kd4 69. Qe6 Kd3 70. Qe5 Kd2 71. Qe4 Kd1 72. Qe3 Kc2 73. Qd4 Kc1 74. Qd3 Kb2 75. Qd2+ Kb1 76. Qc3 Ka2 77. Qc2+ Ka1 78. Qd2 Kb1 79. Kc4 Ka1 80. Kb3 1-0

[Event "CYCC U10 w"]
[Site "Ottawa CAN"]
[Date "2007.07.04"]
[Round "3"]
[White "Jodoin, Gabrielle"]
[Black "Leveille, Maryse"]
[Result "0-1"]
[WhiteElo "1075"]
[BlackElo "1011"]
[PlyCount "158"]
[GameId "2160767910650815"]
[EventDate "2007.07.03"]
[EventType "swiss"]
[EventRounds "6"]
[EventCountry "CAN"]
[SourceTitle "EXT 2022"]
[Source "ChessBase"]
[SourceDate "2021.10.06"]
[SourceVersion "1"]
[SourceVersionDate "2021.10.06"]
[SourceQuality "1"]

1. e4 e5 2. Nf3 Nc6 3. Bc4 Nf6 4. d4 exd4 5. e5 d5 6. Bb5 Ne4 7. Nxd4 Bd7 8. Bxc6 Bxc6 9. O-O Bc5 10. Be3 O-O 11. Nc3 Nxc3 12. bxc3 Bxd4 13. cxd4 Re8 14. Bf4 Re6 15. Re1 h6 16. Re3 Qd7 17. Qd2 Kf8 18. Rae1 Rae8 19. R1e2 Bb5 20. Qb4+ Kg8 21. Re1 Qc6 22. h3 a6 23. Qc3 Qxc3 24. Rxc3 c6 25. Rce3 Ba4 26. c4 dxc4 27. Rb1 b5 28. d5 Bc2 29. Rb2 cxd5 30. Rxc2 Rc6 31. a4 bxa4 32. Ra3 Rec8 33. Rxa4 c3 34. Ra1 d4 35. Rac1 d3 36. Ra2 c2 37. Kf1 a5 38. Ke1 Rc4 39. g3 a4 40. f3 Rc3 41. Kd2 a3 42. e6 fxe6 43. Be5 R3c4 44. Kxd3 Ra4 45. Rcxc2 Rca8 46. Rc3 Kh7 47. Bd6 R8a6 48. Bxa3 R6a5 49. Be7 Rd5+ 50. Kc2 Rxa2+ 51. Kb3 Ra7 52. Bc5 Rb7+ 53. Kc4 Rdd7 54. g4 Rbc7 55. f4 Rf7 56. f5 exf5 57. gxf5 Rxf5 58. Kd4 Rd7+ 59. Ke4 Rff7 60. Ke5 g6 61. Ke6 g5 62. Be3 Kg7 63. Rc6 Rd3 64. h4 Rxe3+ 65. Kd5 gxh4 66. Kd4 Ref3 67. Ke4 h3 68. Rc1 R7f4+ 69. Ke5 Rh4 70. Kd6 h2 71. Kc7 h1=Q 72. Rxh1 Rxh1 73. Kd6 Re1 74. Kd5 Rd3+ 75. Kc4 Rd8 76. Kc3 Rc1+ 77. Kb2 Rc7 78. Kb3 Rb8+ 79. Ka4 Ra7# 0-1

[Event "CYCC U10 w"]
[Site "Ottawa CAN"]
[Date "2007.07.04"]
[Round "3"]
[White "Mehdiyeva, Masha"]
[Black "Kang, Lin Fei"]
[Result "1/2-1/2"]
[WhiteElo "1083"]
[BlackElo "1265"]
[PlyCount "104"]
[GameId "2160767910650816"]
[EventDate "2007.07.03"]
[EventType "swiss"]
[EventRounds "6"]
[EventCountry "CAN"]
[SourceTitle "EXT 2022"]
[Source "ChessBase"]
[SourceDate "2021.10.06"]
[SourceVersion "1"]
[SourceVersionDate "2021.10.06"]
[SourceQuality "1"]

1. e4 c5 2. d3 Nc6 3. Nf3 Nf6 4. Be3 d6 5. h3 g6 6. Nc3 Bg7 7. Qd2 O-O 8. Bh6 Be6 9. Bxg7 Kxg7 10. O-O-O Qd7 11. d4 d5 12. exd5 Nxd5 13. dxc5 Nf6 14. Bb5 Qxd2+ 15. Rxd2 Rac8 16. Bxc6 Rxc6 17. b4 b6 18. Nd4 Rcc8 19. Nxe6+ fxe6 20. Na4 bxc5 21. Nxc5 Rc6 22. Re1 Kf7 23. g4 h6 24. f4 Nd5 25. a3 Nxf4 26. h4 a5 27. Rf2 Ke8 28. Rd2 axb4 29. axb4 g5 30. hxg5 hxg5 31. Nb7 Nd5 32. Nc5 Rf6 33. Ne4 Rf4 34. Nxg5 Rxg4 35. Nxe6 Nxb4 36. Rd8+ Kf7 37. Rf8+ Kg6 38. Rg8+ Kf5 39. Rf1+ Kxe6 40. Rxg4 Nxc2 41. Kd2 Kd7 42. Rc1 Na3 43. Rxc6 Kxc6 44. Rg6+ Kd5 45. Rg5+ e5 46. Rg8 Nc4+ 47. Ke1 Ke4 48. Re8 Ke3 49. Rh8 e4 50. Rh3+ Kd4 51. Rh4 Kd3 52. Rxe4 Kxe4 1/2-1/2

[Event "CYCC U10 w"]
[Site "Ottawa CAN"]
[Date "2007.07.04"]
[Round "4"]
[White "Carradice, Moriah"]
[Black "Dawson, Laura Jane"]
[Result "0-1"]
[WhiteElo "778"]
[BlackElo "1434"]
[PlyCount "132"]
[GameId "2160767910650817"]
[EventDate "2007.07.03"]
[EventType "swiss"]
[EventRounds "6"]
[EventCountry "CAN"]
[SourceTitle "EXT 2022"]
[Source "ChessBase"]
[SourceDate "2021.10.06"]
[SourceVersion "1"]
[SourceVersionDate "2021.10.06"]
[SourceQuality "1"]

1. e4 d5 2. Bb5+ c6 3. Be2 Nf6 4. f3 Nbd7 5. Nh3 g6 6. Ng5 Bg7 7. Nc3 O-O 8. O-O Nb6 9. b3 Nh5 10. Nh3 Re8 11. Qe1 Bxh3 12. gxh3 e6 13. Rf2 Bd4 14. Nd1 Bxf2+ 15. Qxf2 Qf6 16. Bb2 Qg5+ 17. Qg2 Qxg2+ 18. Kxg2 Nf4+ 19. Kf2 Nxe2 20. Kxe2 Rad8 21. Nc3 Nd7 22. Na4 a6 23. Ba3 b5 24. Nc3 Rb8 25. Bd6 Rbc8 26. Rg1 Kg7 27. Bb4 Ra8 28. Nb1 a5 29. Bc3+ Kg8 30. Rg4 a4 31. Rh4 axb3 32. axb3 f5 33. Bb2 Ra2 34. Ba3 Ra1 35. Kd1 Rxb1+ 36. Ke2 Rh1 37. Bd6 Ra1 38. Bc5 Nxc5 39. d3 fxe4 40. fxe4 Rh1 41. c4 bxc4 42. bxc4 dxc4 43. dxc4 Rxh2+ 44. Ke3 Ra2 45. Kd4 Nd7 46. c5 Ra4+ 47. Kc3 Nxc5 48. Rf4 Rxe4 49. Rf6 Nb7 50. Kd3 Rh4 51. Rf3 e5 52. Rg3 e4+ 53. Ke3 c5 54. Rg4 Rxg4 55. hxg4 c4 56. Kd4 e3 57. Kc3 e2 58. Kd2 e1=Q+ 59. Kc2 Qe2+ 60. Kc3 Re3+ 61. Kb4 c3 62. Kb3 c2+ 63. Kb2 c1=N+ 64. Kxc1 Rc3+ 65. Kb1 Qc2+ 66. Ka1 Ra3# 0-1

[Event "CYCC U10 w"]
[Site "Ottawa CAN"]
[Date "2007.07.04"]
[Round "4"]
[White "Dumais, Pascale"]
[Black "Jodoin, Gabrielle"]
[Result "1-0"]
[WhiteElo "1026"]
[BlackElo "1075"]
[PlyCount "87"]
[GameId "2160767910650818"]
[EventDate "2007.07.03"]
[EventType "swiss"]
[EventRounds "6"]
[EventCountry "CAN"]
[SourceTitle "EXT 2022"]
[Source "ChessBase"]
[SourceDate "2021.10.06"]
[SourceVersion "1"]
[SourceVersionDate "2021.10.06"]
[SourceQuality "1"]

1. e4 e5 2. Nf3 Nc6 3. Bc4 Nf6 4. Nc3 Nxe4 5. Nxe4 d5 6. Bxd5 f5 7. Nc3 e4 8. Ng1 Bd7 9. d3 Qe7 10. Nb5 exd3+ 11. Be3 O-O-O 12. cxd3 a6 13. Nh3 h6 14. O-O g5 15. Bd2 Bg7 16. Bc3 axb5 17. a3 g4 18. Re1 Qf8 19. Nf4 Bxc3 20. bxc3 h5 21. Ng6 Qg7 22. Nxh8 Qxh8 23. Rc1 Na5 24. c4 c6 25. Be6 Bxe6 26. Rxe6 bxc4 27. d4 c5 28. d5 c3 29. Qa4 b6 30. Re7 b5 31. Qxa5 Qe5 32. Qa8+ Qb8 33. Qxb8+ Kxb8 34. Rxc3 Rxd5 35. g3 Rd1+ 36. Kg2 f4 37. gxf4 h4 38. Rxc5 h3+ 39. Kg3 Rd3+ 40. Kxg4 Rxa3 41. Rcc7 b4 42. Rh7 b3 43. Rcg7 Ra7 44. Rg8# 1-0

[Event "CYCC U10 w"]
[Site "Ottawa CAN"]
[Date "2007.07.04"]
[Round "4"]
[White "Giblon, Rebecca"]
[Black "Mehdiyeva, Masha"]
[Result "1-0"]
[WhiteElo "1324"]
[BlackElo "1083"]
[PlyCount "45"]
[GameId "2160767910650819"]
[EventDate "2007.07.03"]
[EventType "swiss"]
[EventRounds "6"]
[EventCountry "CAN"]
[SourceTitle "EXT 2022"]
[Source "ChessBase"]
[SourceDate "2021.10.06"]
[SourceVersion "1"]
[SourceVersionDate "2021.10.06"]
[SourceQuality "1"]

1. e4 c5 2. Nf3 d6 3. d4 cxd4 4. Nxd4 Nf6 5. Nc3 g6 6. Be3 Bg7 7. Qd2 Nc6 8. Nxc6 bxc6 9. O-O-O O-O 10. h3 Bh8 11. e5 dxe5 12. Qxd8 Rxd8 13. Rxd8+ Kg7 14. Ba6 Bxa6 15. Rxa8 Nd5 16. Nxd5 cxd5 17. Rxa7 Bc4 18. Rxe7 d4 19. Bg5 Bxa2 20. b3 Bxb3 21. cxb3 Kf8 22. Rc7 e4 23. Bh6+ 1-0

[Event "CYCC U10 w"]
[Site "Ottawa CAN"]
[Date "2007.07.04"]
[Round "4"]
[White "Kang, Lin Fei"]
[Black "Dumais, Alexe"]
[Result "1-0"]
[WhiteElo "946"]
[BlackElo "769"]
[PlyCount "37"]
[GameId "2160767910650820"]
[EventDate "2007.07.03"]
[EventType "swiss"]
[EventRounds "6"]
[EventCountry "CAN"]
[SourceTitle "EXT 2022"]
[Source "ChessBase"]
[SourceDate "2021.10.06"]
[SourceVersion "1"]
[SourceVersionDate "2021.10.06"]
[SourceQuality "1"]

1. e4 e5 2. Nf3 Nc6 3. Bc4 Nf6 4. d3 Bc5 5. O-O O-O 6. Nc3 g6 7. Be3 Bxe3 8. fxe3 h6 9. d4 Nxe4 10. Qd3 g5 11. Qxe4 Nxd4 12. exd4 exd4 13. Nxd4 d5 14. Bxd5 c6 15. Qg6+ Kh8 16. Bxf7 Rg8 17. Bxg8 Qxg8 18. Qxh6+ Qh7 19. Rf8# 1-0

[Event "CYCC U10 w"]
[Site "Ottawa CAN"]
[Date "2007.07.04"]
[Round "4"]
[White "Leveille, Maryse"]
[Black "Foote, Joanne"]
[Result "0-1"]
[WhiteElo "1011"]
[BlackElo "1218"]
[PlyCount "48"]
[GameId "2160767910650821"]
[EventDate "2007.07.03"]
[EventType "swiss"]
[EventRounds "6"]
[EventCountry "CAN"]
[SourceTitle "EXT 2022"]
[Source "ChessBase"]
[SourceDate "2021.10.06"]
[SourceVersion "1"]
[SourceVersionDate "2021.10.06"]
[SourceQuality "1"]

1. e4 e6 2. d4 d5 3. e5 c5 4. dxc5 Bxc5 5. Nc3 Ne7 6. Bf4 Nbc6 7. Nf3 b6 8. Be2 Ng6 9. Qd2 Bb4 10. a3 Bxc3 11. bxc3 Qc7 12. O-O Ngxe5 13. Bxe5 Nxe5 14. Bb5+ Bd7 15. Bxd7+ Nxd7 16. Rfe1 O-O 17. Qg5 Qxc3 18. Qh4 Qxc2 19. Rac1 Qg6 20. Ng5 Rac8 21. Rxc8 Rxc8 22. Qg4 Ne5 23. Rxe5 Rc1+ 24. Re1 Rxe1# 0-1